Succession, comment la calculer?

Detalles Bibliográficos
Autor principal: Vandenabeele, Paul
Formato: Desconocido
Lenguaje:francés
Publicado: Bľgica : Edipro, 2008
Materias:
Acceso en línea:Acceso restringido

MARC

LEADER 00000ny a22000003n 4500
005 20110621104533.0
008 091214s2008 be 000 0 fre d
020 |a 9782930287980 
035 |a 2412 
040 |a BUS  |d vLex 
090 |c 909  |d 909 
100 1 |a Vandenabeele, Paul  
245 1 0 |a Succession, comment la calculer?  |h [Recurso electrn̤ico]  |c Paul Vandenabeele 
256 |a Servicio en ln̕ea 
260 |a Bľgica :  |b Edipro,  |c 2008 
300 |a p.;  |c cm 
506 1 |a Contenido solo disponible en los productos indicados  |d vLex Global  |d vLex Global (Academic Edition, excluding Law Schools)  |d vLex Global (U.S. Academic Edition, Law Schools)  |d vLex Global (U.S. Academic Edition, excluding Law Schools)  |d vLex Global (Academic Edition, Law Schools) 
650 0 4 |a Sucesiones (Matemt̀icas) 
740 0 |a vLex Libros (Servicios en ln̕ea) 
856 4 0 |u http://vlex.com/source/2412  |z Acceso restringido 
942 |c BOOK